Por que las niñas y los niños no aprenden matemáticas?
Guardat en:
| Autor principal: | |
|---|---|
| Format: | Llibre |
| Idioma: | espanyol |
| Publicat: |
Barcelona
Octaedro
2006
|
| Edició: | 1a. ed |
| Col·lecció: | Educación
|
| Matèries: | |
| Etiquetes: |
Afegir etiqueta
Sense etiquetes, Sigues el primer a etiquetar aquest registre!
|
MARC
| LEADER | 00000nam a2200000 a 4500 | ||
|---|---|---|---|
| 001 | UCI9593 | ||
| 003 | CL-VaPUC | ||
| 008 | 081128e20060000SP |||||||||||||||||spa|d | ||
| 020 | |a 8480637803 | ||
| 082 | 0 | 4 | |a 372.71 |b JIM |2 21 |
| 100 | |a Jimeno Pérez, Manuela |e author |9 533433 | ||
| 245 | 1 | 0 | |a Por que las niñas y los niños no aprenden matemáticas? |
| 250 | |a 1a. ed | ||
| 300 | |a 335 p | ||
| 942 | |c BK | ||
| 945 | |d 20081128 00:00:00 |a rbrito | ||
| 260 | |a Barcelona |b Octaedro |c 2006 | ||
| 650 | 0 | |a Matemáticas |x Enseñanza |9 875527 | |
| 650 | 0 | |a Educación básica |9 224933 | |
| 650 | 0 | |a Matemática |9 260235 | |
| 583 | |a last modification |c 20081128 00:00:00 |k Rodrigo Vera | ||
| 490 | 0 | |a Educación | |
| 999 | |c 332106 |d 332104 | ||
| 952 | |0 0 |1 0 |4 0 |6 372_710000000000000_JIM_2006 |7 0 |8 A |9 419488 |a BIBEDU |b BIBEDU |d 2019-11-22 |i 4620038 |o 372.71 JIM 2006 |p 4620038 |r 2019-11-22 |w 2019-11-22 |y BK |k EPE | ||